00894nam a2200205 a 450000100100000000500170001000800410002704000230006808200130009110000430010424500520014726000420019930000370024153300400027850000780031850000890039650000750048595201110056099900170067100004219820201002040012.0131119s1961 sp ah 000 0 spa d aDO-SdBNPbspaBNPHU axxxbxxx1 aMenéndez Pidal, Rd1869-1968.96921010aPoema de Mío Cid /cRamón Menéndez Pidal. aMadrid :bBiblioteca Nacional,c1961. a116 p. :bil., facsim. ;c23 cm. aFacsímilbMadridcPaleográficas aFacsímil de la edición paleográficas por Dr. Ramón Menendez Pidal aEdición facsímil del códice de Per Abat, conservado en la Biblioteca Nacional. aIncluye referencias bibliográficas y notas al apie de las páginas. 001050718RVaGRbGRcCTd2013-11-19iLF1l0oxxx xxxp42198-10r2020-06-25w2020-06-25y1ZNo se presta c41687d41687